00293cam a22000977a 4500008004000000082001400040100001900054245005800073260005300131300001100184180718b1982 xxu||||| |||| 00| 0 eng d aA75 R137K aGupta, Savitri aRajasthan district gazetteers: Kotacby Savitri Gupta aJaipurbDirectorate of District Gazetteersc1982 a544+p.